|
|
|
|
| LEADER |
00000cam a2200000 a 4500 |
| 001 |
vtls010286448 |
| 003 |
SK-MaSNL |
| 005 |
20260301031839.0 |
| 008 |
250414s2011 xo dla f 101 0 eng |
| 015 |
|
|
|a SNBA2011/09-04849
|
| 020 |
|
|
|a 9788022734882
|q (brož.)
|
| 035 |
|
|
|a urn:nbn:sk:snk-amlcts
|
| 035 |
|
|
|a urn:nbn:sk:snk-am00908t
|
| 035 |
|
|
|a 085E3B65-3AC9-4667-A43F-04DCBEF26048
|
| 035 |
|
|
|a urn:nbn:sk:snk:ar-a0be8b
|
| 035 |
|
|
|a 82af9df2-9798-4bec-9d70-bab939642be6
|
| 040 |
|
|
|a SNK
|b slo
|c SNK
|e AACR2
|
| 041 |
0 |
|
|a eng
|b eng
|
| 044 |
|
|
|a xo
|c SK
|
| 072 |
|
7 |
|a 004
|x Počítačová veda. Výpočtová technika. Informačné technológie
|2 konspekt
|
| 080 |
|
|
|a 007+004
|2 2001
|
| 080 |
|
|
|a 004
|2 2001
|
| 080 |
|
|
|a 378.011.3-052
|2 2001
|
| 080 |
|
|
|a 001-026.12
|2 2001
|
| 080 |
|
|
|a (062.534)
|2 2001
|
| 111 |
2 |
|
|a Student Research Conference
|n (7. :
|d 2011 :
|c Bratislava, Slovensko)
|9 328054
|
| 245 |
0 |
0 |
|a IIT.SRC 2011: Student Research Conference
|b 7th Student Research Conference in Informatics and Information Technologies : Bratislava, May 4, 2011 : proceedings :
|n [Vol. 2]
|c Mária Bieliková (ed.)
|
| 246 |
2 |
|
|a Student Research Conference in Informatics and Information Technologies
|
| 246 |
3 |
0 |
|a Student Research Conference in Informatics and Information Technologies
|
| 250 |
|
|
|a 1st ed.
|
| 260 |
|
|
|a In Bratislava
|b Slovak Univerzity of Technology
|c 2011
|
| 300 |
|
|
|a xviii, S. 279-540 s.
|b grafy, ilustr., sch., tab.
|c 25 cm
|
| 504 |
|
|
|a Bibliogr. odkazy. Pozn. Reg.
|
| 546 |
|
|
|a Res. angl.
|
| 650 |
0 |
7 |
|a informatika
|2 SNKPH
|9 1124
|
| 650 |
0 |
7 |
|a informačné systémy
|2 SNKPH
|9 1128
|
| 650 |
0 |
7 |
|a informačné technológie
|2 SNKPH
|9 1527
|
| 650 |
0 |
7 |
|a vysokoškolskí študenti
|2 SNKPH
|9 3981
|
| 650 |
0 |
7 |
|a vedecká činnosť
|2 SNKPH
|9 66912
|
| 650 |
0 |
7 |
|a Informatics
|2 SNKPHeng
|9 267334
|
| 650 |
0 |
7 |
|a Information systems
|2 SNKPHeng
|9 100187
|
| 650 |
0 |
7 |
|a Information technology
|2 SNKPHeng
|9 266458
|
| 650 |
0 |
7 |
|a College students
|2 SNKPHeng
|9 275186
|
| 650 |
0 |
7 |
|a Scientific activities
|2 SNKPHeng
|9 268515
|
| 655 |
|
7 |
|a zborníky konferencií
|2 SNKPH
|9 70153
|
| 655 |
|
7 |
|a Proceedings of conferences
|2 SNKPHeng
|9 265791
|
| 655 |
|
7 |
|a issue_zb
|2 SNK
|9 276493
|
| 700 |
1 |
|
|a Bieliková, Mária,
|d 1966-
|4 edt
|9 213923
|
| 752 |
|
|
|a Slovensko
|d Bratislava
|
| 852 |
|
|
|a Slovenská národná knižnica
|
| 919 |
|
|
|a 978-80-227-3488-2
|
| 954 |
|
|
|a odborná, vedecká literatúra pôvodná (slovenská)
|2 lita
|
| 954 |
|
|
|a odborná, vedecká literatúra cudzojazyčná (svetová)
|2 lita
|
| 958 |
|
|
|a OND
|
| 958 |
|
|
|a ART
|
| 958 |
|
|
|a NB
|
| 968 |
|
|
|d 0
|
| 999 |
|
|
|c 577413
|d 579343
|
| 952 |
|
|
|a SNK
|b SNK
|y PREZ
|7 0
|p 17A0710211
|o snkSC 146266/2
|i snk2011/16049
|8 0
|0 0
|1 0
|4 0
|d 2011-07-22
|f 1
|l 0
|r 2025-07-15 00:00:00
|w 2026-02-23
|
| 952 |
|
|
|a SNK
|b SNK
|y VYP
|7 0
|p 17A0710212
|o snkSC 146266/2 D1
|i snk2011/16050
|8 0
|0 0
|1 0
|4 0
|d 2011-07-22
|f 1
|l 0
|r 2026-02-23 14:38:10
|w 2026-02-23
|